00473nam a22001697a 4500003000400000005001700004008004100021020001500062040002900077050002000106100002100126245008500147250001200232260003200244300001000276650001700286OSt20250730113559.0230803b |||||||| |||| 00| 0 eng d a0072823984 cChuka University Library aQR 63b.B7 2005 aBrown ,Alfred E. aBensons ,Microbiological applications: Laboratory manual in general microbiology a9th ed. aNew YorkbMcGraw Hillc2005 a510p. aMicrobiology